La caducidad de instancia en el proceso contencioso administrativo de la provincia de Buenos Aires (Registro nro. 24110)

Detalles MARC
000 -LEADER
fixed length control field 00373 a2200109 4500
001 - CONTROL NUMBER
control field ART_39923
005 - DATE AND TIME OF LATEST TRANSACTION
control field 20260410161841.0
008 - FIXED-LENGTH DATA ELEMENTS--GENERAL INFORMATION
fixed length control field 260409a
100 1# - MAIN ENTRY--PERSONAL NAME
Personal name Savignano, Luciano C.
245 10 - TITLE STATEMENT
Title La caducidad de instancia en el proceso contencioso administrativo de la provincia de Buenos Aires
773 0# - HOST ITEM ENTRY
Title RAP
Related parts - Año 38, Nº 453 (jun. 2016)
Record control number REV5941

No hay ítems disponibles.